#Taiwan All villages in Xindian District New Taipei City - Statistics

General Stats
  • This quiz has been taken 4 times
  • The average score is 27 of 69
Answer Stats
Answer % Correct
和平里
100%
仁愛里
100%
青潭里
100%
新和里
100%
下城里
100%
雙城里
100%
直潭里
100%
忠孝里
50%
信義里
50%
中山里
50%
寶安里
50%
大豐里
50%
明德里
50%
國豐里
50%
忠誠里
50%
寶興里
50%
建國里
50%
張北里
50%
福德里
50%
中正里
50%
中央里
50%
福民里
50%
中華里
50%
新生里
50%
中興里
50%
長春里
50%
廣明里
50%
新店里
50%
美潭里
50%
員潭里
50%
雙坑里
50%
永安里
50%
永平里
50%
安和里
50%
頂城里
50%
柴埕里
50%
公崙里
50%
玫瑰里
50%
日興里
50%
香坡里
50%
華城里
50%
塗潭里
50%
廣興里
50%
粗坑里
50%
屈尺里
50%
龜山里
50%
大鵬里
0%
復興里
0%
江陵里
0%
大同里
0%
百和里
0%
新安里
0%
寶福里
0%
百忍里
0%
百福里
0%
新德里
0%
五峰里
0%
文明里
0%
張南里
0%
文中里
0%
國校里
0%
太平里
0%
美城里
0%
安昌里
0%
德安里
0%
吉祥里
0%
小城里
0%
明城里
0%
達觀里
0%
No matching quizzes found
Score Distribution
Percent of People with Each Score
Percentile by Number Answered
Your Score History
You have not taken this quiz